00960nam a2200253 a 450000100060000000300080000600500170001400800410003102000170007203500190008904000320010804100080014008200240014810000340017224501050020626000420031130000290035350400660038252000900044865000340053865000460057265000450061865000430066337589BD-RjUL20211209052626.0150127s1993 ii a b 001 0deng  a8170224799 : a(BD-RjUL)37693 aDLCcDLCdDLCdBD-RjULbeng aeng a630.72054bBAA 19931 aBarooah, Satya Ranjan,d1919-10aAgricultural research and development :brole of scientists and technocrats /cSatya Ranjan Barooah. aNew Delhi :bConcept Pub. Co.,c1993. a180 p. :bill. ;c22 cm. aIncludes bibliographical references (p. [173]-176) and index. aIn the Indian context; includes author's reminiscences as an agricultural technocrat. 0aAgriculturexResearchzIndia. 0aAgricultural innovationszIndiaxHistory. 0aAgriculturexTechnology transferzIndia. 0aAgriculturistszIndiaxSocial aspects.